Biblioteca

A history of ancient Egypt (Registro nro. 68441)

Detalles MARC
000 -LÍDER
Campo fijo de descripción fija 01350nam a2200349 i 4500
001 - NÚMERO DE CONTROL
Campo de control 768714001
003 - IDENTIFICADOR DEL NÚMERO DE CONTROL
Campo de control CO-MdFUSB
005 - FECHA Y HORA DE LA ULTIMA TRANSACCIÓN
control field 20230324130150.0
007 - CAMPO FIJO DE DESCRIPCIÓN FIJA--INFORMACIÓN GENERAL
Campo fijo de descripción fija ta
008 - ELEMENTOS DE LONGITUD FIJA -- INFORMACIÓN GENERAL
Campo fijo de descripción fija -- Información general 230223t1992 uk abdo| |||| 00| 0 eng d
020 ## - NÚMERO INTERNACIONAL NORMALIZADO PARA LIBROS
Número Internacional Normalizado del libro 0631193960
040 ## - FUENTE DE CATALOGACIÓN
Agencia de catalogación original CO-MdFUSB
Idioma de catalogación spa
Agencia que realiza la transcripción CO-MdFUSB
Agencia que realiza la modificación CO-MdFUSBC
Convenciones de la descripción rda
041 ## - CÓDIGO DE IDIOMA
Código de idioma para texto/pista de sonido o título separado spa
082 ## - NÚMERO DE CLASIFICACIÓN DECIMAL DEWEY
Número de la edición del Dewey 23
Número de clasificación 932.01
Clave de autor-Numero de item G861h
100 ## - ASIENTO PRINCIPAL--NOMBRE PERSONAL
Nombre personal Grimal, Nicolas-Christopher
Término relacionador Autor
245 #2 - TÍTULO
Título del Material A history of ancient Egypt
Mención de responsabilidad, etc. / Nicolas-Christopher Grimal
264 #1 - PRODUCCIÓN, PUBLICACIÓN, DISTRIBUCIÓN, MANUFACTURA, Y COPYRIGHT
Lugar de producción, publicación, distribución, manufactura Reino unido :
Nombre del productor, publicador, distribuidor Blackwell Publishers,
Fecha de producción, publicación, distribución, manufactura, o copyright [1992]
264 #4 - PRODUCCIÓN, PUBLICACIÓN, DISTRIBUCIÓN, MANUFACTURA, Y COPYRIGHT
Fecha de producción, publicación, distribución, manufactura, o copyright © 1992
300 ## - DESCRIPCIÓN FÍSICA
Extensión 518 páginas
Dimensiones ; 23 cm
336 ## - TIPO DE CONTENIDO
Fuente rdacontent
Término de tipo de contenido texto
Código de tipo de contenido txt
337 ## - TIPO DE MEDIO
Fuente rdamedia
Nombre del tipo de medio sin mediación
Código del tipo de medio n
338 ## - TIPO DE SOPORTE
Fuente rdacarrier
Nombre del tipo de soporte volumen
Código Tipo de soporte nc
505 ## - NOTA DE CONTENIDO
Título Parte 1: El período formativo:
Nota de contenido con formato preestablecido De la prehistoria a la historia. -- Religión e historia. -- El período de Thinita.
505 ## - NOTA DE CONTENIDO
Título Parte 2: La Edad Clásica: el antiguo reino
Nota de contenido con formato preestablecido Ideas funerarias. -- La lucha por el poder -- El reino medio. -- La invasión.
505 ## - NOTA DE CONTENIDO
Título Parte 3: El Imperio:
Nota de contenido con formato preestablecido Los Tuthmosids: Akenatón. -- El período ramesid. -- El dominio de Amón.
505 ## - NOTA DE CONTENIDO
Título Parte 4: La fase final:
Nota de contenido con formato preestablecido El tercer período intermedio. -- Nubios y saitas. -- Persas y griegos.
563 ## - NOTA DE ENCUADERNACIÓN
Nota de encuadernación Rústico
651 #0 - ASIENTO SECUNDARIO DE MATERIA - NOMBRE GEOGRAFICO
Nombre geográfico Egipto.
Subdivisión general Historia
942 ## - TIPO DE MATERIAL (KOHA)
Tipo de Item KOHA Libros General
945 ## - INFORMACIÓN LOCAL DEL REGISTRO
Catalogador Miguel
Existencias
Estado de Material Estado de Perdido Forma de Clasificación Estado de Dañado No para Préstamo Colección Biblioteca de Origen Biblioteca Permanente Fecha de Adquisición Área Total de Préstamos Signatura Topográfica Código de Barras Última vez visto Ejemplar/Existencia Fecha de Remplazo Tipo de Material
    Dewey Decimal Classification     Colección General Biblioteca FUSBC Biblioteca FUSBC 23/02/2023 ANTROPOLOGÍA   G 932.01 G861h 24425 23/02/2023 Ej. 1 23/02/2023 Libros General

Biblioteca FUSBC | Teléfono: (57+4) 349 88 10 Ext. 141| WhatsApp (+57) 3005338115 
E-mail: biblioteca@unisbc.edu.co | Calle 76 87-14 Robledo Palenque, Medellín, Colombia

Con tecnología Koha